Sus mejores poemas

Guardado en:
書目詳細資料
主要作者: Cuadra, Manolo
格式: 圖書
語言:Undetermined
出版: Managua, Nicaragua Club del Libro Nicaragüense 1962
主題:
標簽: 添加標簽
沒有標簽, 成為第一個標記此記錄!

MARC

LEADER 00000nam a2200000Ia 4500
008 170316s9999 xx 000 0 und d
040 |a cru BVZT 
090 |a 860 C-48s 
100 |a Cuadra, Manolo 
245 |a Sus mejores poemas 
260 |a Managua, Nicaragua 
260 |b Club del Libro Nicaragüense 
260 |c 1962 
300 |a 59páginas 
650 |a LITERATURA LATINOAMERICANA 
999 |c 8567  |d 8567 
942 |c 15 D  |h 860 C-48s  |2 z